Biggest towns of Aberdeenshire - Statistics

General Stats
  • This quiz has been taken 139 times
  • The average score is 7 of 10
Answer Stats
Population Town % Correct
19,110 Peterhead
93%
11,060 Stonehaven
86%
14,800 Inverurie
85%
12,500 Fraserburgh
82%
10,050 Ellon
79%
7,460 Banchory
74%
12,090 Westhill
60%
8,870 Portlethen
52%
4,690 Turriff
42%
4,700 Kintore
36%
No matching quizzes found
Score Distribution
Percent of People with Each Score
Percentile by Number Answered
Your Score History
You have not taken this quiz